[Event "DVM U16 2022"]
[Site "Darmstadt GER"]
[Date "2022.12.29"]
[Round "5"]
[White "Sanmugalingam, Kapirththan"]
[Black "Deiters, Clemens"]
[Result "1/2-1/2"]
[Termination "normal"]
[Board "7.3"]
[WhiteElo "1693"]
[BlackElo "1343"]
[WhiteClock "00:30:59"]
[BlackClock "00:26:34"]
[WhiteTeam "SF Neureut 1953 e.V."]
[BlackTeam "Schach-Club Vaterstetten-Grasbrunn"]
[PlyCount "52"]
[WhiteFideId "34622950"]
[BlackFideId "16240243"]
[EventCountry "GER"]
[EventRounds "7"]
[EventType "team-swiss"]
[EventDate "2022.12.26"]

1. e4 {[%clk 1:30:57]} c5 {[%clk 1:30:52]} 2. a3 {[%clk 1:31:18]} e6 {[%clk
1:31:04]} 3. b4 {[%clk 1:31:35]} cxb4 {[%clk 1:27:59]} 4. axb4 {[%clk 1:31:47]}
Bxb4 {[%clk 1:28:14]} 5. c3 {[%clk 1:32:07]} Be7 {[%clk 1:28:36]} 6. d4 {[%clk
1:32:29]} d6 {[%clk 1:27:48]} 7. f4 {[%clk 1:31:07]} e5 {[%clk 1:19:33]} 8. Nf3
{[%clk 1:25:12]} Bg4 {[%clk 1:18:54]} 9. Be2 {[%clk 1:23:15]} Nd7 {[%clk
1:14:58]} 10. O-O {[%clk 1:18:22]} Qc7 {[%clk 1:10:26]} 11. h3 {[%clk 1:07:36]}
Bxf3 {[%clk 1:09:37]} 12. Bxf3 {[%clk 1:07:44]} Ngf6 {[%clk 1:09:11]} 13. Be3
{[%clk 1:06:32]} a6 {[%clk 1:05:30]} 14. Qd3 {[%clk 1:03:00]} O-O {[%clk
1:02:47]} 15. f5 {[%clk 0:56:17]} h6 {[%clk 0:56:20]} 16. g4 {[%clk 0:55:51]}
Nh7 {[%clk 0:55:25]} 17. Nd2 {[%clk 0:52:54]} Rac8 {[%clk 0:52:12]} 18. Rac1
{[%clk 0:52:21]} Bf6 {[%clk 0:48:29]} 19. Bg2 {[%clk 0:48:39]} Nb6 {[%clk
0:46:27]} 20. Nf3 {[%clk 0:46:11]} Nc4 {[%clk 0:44:45]} 21. Bf2 {[%clk
0:42:40]} Ng5 {[%clk 0:43:15]} 22. Nh2 {[%clk 0:40:02]} Qe7 {[%clk 0:38:57]}
23. h4 {[%clk 0:35:22]} Nh7 {[%clk 0:38:10]} 24. Qh3 {[%clk 0:34:16]} Rfe8
{[%clk 0:32:27]} 25. Rfe1 {[%clk 0:32:47]} b5 {[%clk 0:31:42]} 26. Bf1 {[%clk
0:30:59]} Qb7 {[%clk 0:26:34]} 1/2-1/2

[Event "DVM U16 2022"]
[Site "Darmstadt GER"]
[Date "2022.12.29"]
[Round "5"]
[White "Karpen, Jakob"]
[Black "Braun, Justus"]
[Result "1/2-1/2"]
[Termination "normal"]
[Board "7.4"]
[WhiteElo "1345"]
[BlackElo "1251"]
[WhiteClock "00:17:24"]
[BlackClock "00:53:53"]
[WhiteTeam "Schach-Club Vaterstetten-Grasbrunn"]
[BlackTeam "SF Neureut 1953 e.V."]
[PlyCount "62"]
[WhiteFideId "16255453"]
[BlackFideId "16239954"]
[EventCountry "GER"]
[EventRounds "7"]
[EventType "team-swiss"]
[EventDate "2022.12.26"]

1. d4 {[%clk 1:30:48]} d5 {[%clk 1:30:54]} 2. c4 {[%clk 1:31:11]} e6 {[%clk
1:31:19]} 3. e3 {[%clk 1:31:30]} Nf6 {[%clk 1:31:44]} 4. Nf3 {[%clk 1:31:50]}
a6 {[%clk 1:32:06]} 5. Nc3 {[%clk 1:31:46]} dxc4 {[%clk 1:31:36]} 6. Bxc4
{[%clk 1:32:02]} b5 {[%clk 1:32:02]} 7. Bd3 {[%clk 1:32:17]} Bb7 {[%clk
1:32:20]} 8. O-O {[%clk 1:32:05]} c5 {[%clk 1:32:31]} 9. dxc5 {[%clk 1:31:13]}
Bxc5 {[%clk 1:32:50]} 10. e4 {[%clk 1:30:51]} O-O {[%clk 1:32:43]} 11. Bg5
{[%clk 1:30:27]} Be7 {[%clk 1:32:29]} 12. Qe2 {[%clk 1:28:55]} Nbd7 {[%clk
1:31:53]} 13. Rfd1 {[%clk 1:27:37]} Re8 {[%clk 1:31:58]} 14. Rac1 {[%clk
1:26:09]} h6 {[%clk 1:31:43]} 15. Bf4 {[%clk 1:25:12]} Bc5 {[%clk 1:30:54]} 16.
Be3 {[%clk 1:20:59]} Bxe3 {[%clk 1:30:27]} 17. Qxe3 {[%clk 1:21:17]} Qe7 {[%clk
1:30:38]} 18. a3 {[%clk 1:17:25]} b4 {[%clk 1:28:41]} 19. Nb1 {[%clk 1:07:59]}
e5 {[%clk 1:26:31]} 20. a4 {[%clk 1:04:37]} Rec8 {[%clk 1:25:06]} 21. Nbd2
{[%clk 1:00:19]} Nc5 22. Bc2 {[%clk 0:59:36]} Rd8 {[%clk 1:14:38]} 23. b3
{[%clk 0:58:52]} Rac8 {[%clk 1:13:48]} 24. h3 {[%clk 0:55:29]} a5 {[%clk
1:14:02]} 25. Nh4 {[%clk 0:44:07]} Ba8 {[%clk 1:07:42]} 26. Nf5 {[%clk
0:42:41]} Qb7 {[%clk 1:07:53]} 27. Ng3 {[%clk 0:38:29]} Kf8 {[%clk 0:59:02]}
28. Bb1 {[%clk 0:29:40]} Ne6 {[%clk 0:56:27]} 29. Rxc8 {[%clk 0:27:50]} Qxc8
{[%clk 0:56:32]} 30. Qe1 {[%clk 0:21:32]} Qc3 {[%clk 0:54:47]} 31. Ne2 {[%clk
0:17:24]} Qc6 {[%clk 0:53:53]} 1/2-1/2

[Event "DVM U16 2022"]
[Site "Darmstadt GER"]
[Date "2022.12.29"]
[Round "5"]
[White "Bock, Marlon"]
[Black "Goldinov, Daniel"]
[Result "1-0"]
[Termination "normal"]
[Board "8.1"]
[WhiteElo "2002"]
[BlackElo "1687"]
[WhiteClock "00:04:50"]
[BlackClock "00:01:33"]
[WhiteTeam "SSV Vimaria 91 Weimar"]
[BlackTeam "Stuttgarter SF 1879"]
[PlyCount "61"]
[WhiteFideId "16244931"]
[BlackFideId "34605649"]
[EventCountry "GER"]
[EventRounds "7"]
[EventType "team-swiss"]
[EventDate "2022.12.26"]

1. d4 {[%clk 1:30:57]} f5 {[%clk 1:29:59]} 2. Bg5 {[%clk 1:31:21]} h6 {[%clk
1:30:19]} 3. Bh4 {[%clk 1:31:46]} g5 {[%clk 1:30:21]} 4. Bg3 {[%clk 1:32:12]}
Nf6 {[%clk 1:30:32]} 5. e3 {[%clk 1:31:59]} d6 {[%clk 1:27:50]} 6. Nc3 {[%clk
1:29:03]} Bg7 {[%clk 1:27:07]} 7. h4 {[%clk 1:27:57]} g4 {[%clk 1:25:02]} 8. h5
{[%clk 1:26:09]} a6 {[%clk 1:23:02]} 9. Nce2 {[%clk 1:19:28]} Nc6 {[%clk
1:21:05]} 10. Nf4 {[%clk 1:17:29]} b5 {[%clk 1:11:54]} 11. Ng6 {[%clk 1:11:12]}
Rg8 {[%clk 1:11:00]} 12. Ne2 {[%clk 1:08:50]} Be6 {[%clk 1:05:41]} 13. Nef4
{[%clk 0:52:47]} Bf7 {[%clk 1:04:44]} 14. d5 {[%clk 0:49:13]} Nb4 {[%clk
0:50:38]} 15. c4 {[%clk 0:47:04]} Ne4 {[%clk 0:36:26]} 16. Rb1 {[%clk 0:36:38]}
c5 {[%clk 0:29:38]} 17. Be2 {[%clk 0:27:43]} Qa5 {[%clk 0:17:36]} 18. O-O
{[%clk 0:27:30]} Nxa2 {[%clk 0:12:54]} 19. Bh4 {[%clk 0:25:57]} Ra7 {[%clk
0:12:49]} 20. f3 {[%clk 0:21:05]} gxf3 {[%clk 0:11:12]} 21. gxf3 {[%clk
0:21:29]} Nf6 {[%clk 0:06:58]} 22. Qd3 {[%clk 0:19:46]} Nxh5 {[%clk 0:04:47]}
23. Qxf5 {[%clk 0:20:05]} Nxf4 {[%clk 0:04:23]} 24. Nxf4 {[%clk 0:12:35]} Bf6
{[%clk 0:04:26]} 25. Kh1 {[%clk 0:12:26]} Bxh4 {[%clk 0:04:31]} 26. Ra1 {[%clk
0:12:25]} Ra8 {[%clk 0:03:46]} 27. cxb5 {[%clk 0:10:33]} Rg5 {[%clk 0:02:02]}
28. Qb1 {[%clk 0:07:34]} axb5 {[%clk 0:01:41]} 29. Rxa2 {[%clk 0:04:57]} Qxa2
{[%clk 0:01:25]} 30. Bxb5 {[%clk 0:05:20]} Kd8 {[%clk 0:01:33]} 31. Qh7 {[%clk
0:04:50]} 1-0

[Event "DVM U16 2022"]
[Site "Darmstadt GER"]
[Date "2022.12.29"]
[Round "5"]
[White "Gotfried, Elias"]
[Black "Günther, Arthur"]
[Result "1/2-1/2"]
[Termination "normal"]
[Board "8.2"]
[WhiteElo "1172"]
[BlackElo "1633"]
[WhiteClock "00:38:40"]
[BlackClock "00:41:58"]
[WhiteTeam "Stuttgarter SF 1879"]
[BlackTeam "SSV Vimaria 91 Weimar"]
[PlyCount "65"]
[WhiteFideId "34630171"]
[BlackFideId "16230078"]
[EventCountry "GER"]
[EventRounds "7"]
[EventType "team-swiss"]
[EventDate "2022.12.26"]

1. e4 {[%clk 1:30:57]} d5 {[%clk 1:30:41]} 2. exd5 {[%clk 1:29:08]} Qxd5 {[%clk
1:31:07]} 3. Nc3 {[%clk 1:29:26]} Qa5 {[%clk 1:31:28]} 4. d4 {[%clk 1:29:21]}
Nf6 {[%clk 1:31:54]} 5. Bd2 {[%clk 1:28:59]} Bg4 {[%clk 1:32:08]} 6. Be2 {[%clk
1:28:51]} Bxe2 {[%clk 1:32:34]} 7. Ngxe2 {[%clk 1:29:13]} Nc6 {[%clk 1:32:32]}
8. O-O {[%clk 1:28:11]} O-O-O {[%clk 1:32:59]} 9. Ne4 {[%clk 1:26:54]} Qf5
{[%clk 1:22:32]} 10. Nxf6 {[%clk 1:25:48]} Qxf6 {[%clk 1:22:52]} 11. c3 {[%clk
1:26:10]} e5 {[%clk 1:22:29]} 12. dxe5 {[%clk 1:19:10]} Nxe5 {[%clk 1:19:28]}
13. Qc1 {[%clk 1:18:50]} h6 {[%clk 1:18:30]} 14. Be3 {[%clk 1:17:50]} Nc6
{[%clk 1:08:57]} 15. Nd4 {[%clk 1:14:05]} Bc5 {[%clk 1:07:05]} 16. Nxc6 {[%clk
1:13:10]} Qxc6 {[%clk 1:07:24]} 17. Bxc5 {[%clk 1:13:00]} Qxc5 {[%clk 1:07:41]}
18. Qf4 {[%clk 1:13:08]} Rd7 {[%clk 1:05:41]} 19. Rfe1 {[%clk 1:06:35]} Rhd8
{[%clk 1:05:06]} 20. Qg4 {[%clk 1:06:23]} f5 {[%clk 1:04:38]} 21. Qg6 {[%clk
0:56:06]} Qf8 {[%clk 0:56:53]} 22. h3 {[%clk 0:52:07]} Rd6 {[%clk 0:56:07]} 23.
Re6 {[%clk 0:45:54]} Rxe6 {[%clk 0:45:52]} 24. Qxe6 {[%clk 0:46:19]} Rd7 {[%clk
0:44:19]} 25. Rd1 {[%clk 0:42:36]} Qf7 {[%clk 0:43:46]} 26. Qxf7 {[%clk
0:42:28]} Rxf7 {[%clk 0:44:10]} 27. f3 {[%clk 0:43:02]} Rd7 {[%clk 0:43:42]}
28. Rxd7 {[%clk 0:43:10]} Kxd7 {[%clk 0:44:08]} 29. Kf2 {[%clk 0:43:34]} Kd6
{[%clk 0:44:15]} 30. Ke3 {[%clk 0:43:25]} Ke5 {[%clk 0:43:25]} 31. f4 {[%clk
0:42:05]} Kd5 {[%clk 0:43:05]} 32. b3 {[%clk 0:41:21]} b5 {[%clk 0:41:58]} 33.
Kd3 {[%clk 0:38:40]} 1/2-1/2

[Event "DVM U16 2022"]
[Site "Darmstadt GER"]
[Date "2022.12.29"]
[Round "5"]
[White "Beberhold, Otto Richard"]
[Black "Sökler, Jakob"]
[Result "1-0"]
[Termination "normal"]
[Board "8.3"]
[WhiteElo "1553"]
[BlackElo "1585"]
[WhiteClock "01:00:32"]
[BlackClock "00:08:47"]
[WhiteTeam "SSV Vimaria 91 Weimar"]
[BlackTeam "Stuttgarter SF 1879"]
[PlyCount "59"]
[WhiteFideId "34617248"]
[BlackFideId "34630350"]
[EventCountry "GER"]
[EventRounds "7"]
[EventType "team-swiss"]
[EventDate "2022.12.26"]

1. d4 {[%clk 1:30:59]} d5 {[%clk 1:30:45]} 2. Nf3 {[%clk 1:31:21]} Nf6 {[%clk
1:31:06]} 3. e3 {[%clk 1:31:47]} c5 {[%clk 1:30:58]} 4. b3 {[%clk 1:31:50]}
cxd4 {[%clk 1:30:11]} 5. Nxd4 {[%clk 1:31:24]} e6 {[%clk 1:24:16]} 6. Bb2
{[%clk 1:30:51]} Be7 {[%clk 1:22:06]} 7. Nf3 {[%clk 1:28:31]} O-O {[%clk
1:21:41]} 8. Bd3 {[%clk 1:28:42]} Nbd7 {[%clk 1:20:45]} 9. O-O {[%clk 1:28:24]}
Nc5 {[%clk 1:19:31]} 10. Be2 {[%clk 1:26:49]} Bd7 11. Nbd2 {[%clk 1:25:03]} Rc8
{[%clk 1:14:37]} 12. c4 {[%clk 1:23:43]} dxc4 13. Nxc4 {[%clk 1:23:43]} Bc6
{[%clk 1:11:00]} 14. Nfe5 {[%clk 1:21:15]} Bd5 {[%clk 1:09:11]} 15. Bf3 {[%clk
1:18:34]} Nfe4 {[%clk 1:05:02]} 16. Qe2 {[%clk 1:15:52]} Qc7 {[%clk 0:58:22]}
17. Rac1 {[%clk 1:11:52]} Bf6 {[%clk 0:53:25]} 18. Rfd1 {[%clk 1:06:20]} b5
{[%clk 0:49:25]} 19. Bxe4 {[%clk 1:03:48]} Bxe4 {[%clk 0:45:03]} 20. Nd6 {[%clk
1:03:58]} Bd5 {[%clk 0:16:39]} 21. Nxc8 {[%clk 1:01:30]} Rxc8 {[%clk 0:16:24]}
22. Nd3 {[%clk 1:01:15]} Bxb2 {[%clk 0:15:41]} 23. Qxb2 {[%clk 1:01:20]} Qe7
{[%clk 0:12:00]} 24. Qd4 {[%clk 0:59:52]} Qg5 {[%clk 0:10:13]} 25. g3 {[%clk
0:59:54]} Qh5 {[%clk 0:10:00]} 26. Nf4 {[%clk 1:00:08]} Qf3 {[%clk 0:09:33]}
27. Nxd5 {[%clk 1:00:27]} exd5 28. Qxd5 {[%clk 1:00:16]} Qg4 {[%clk 0:08:26]}
29. Qd8 {[%clk 1:00:32]} Rxd8 {[%clk 0:08:47]} 30. Rxd8# 1-0

[Event "DVM U16 2022"]
[Site "Darmstadt GER"]
[Date "2022.12.29"]
[Round "5"]
[White "Nuñez Grégoire, Daniel"]
[Black "Stadelmann, Constantin"]
[Result "1-0"]
[Termination "normal"]
[Board "8.4"]
[WhiteElo "1650"]
[BlackElo "1352"]
[WhiteClock "01:22:30"]
[BlackClock "01:02:50"]
[WhiteTeam "Stuttgarter SF 1879"]
[BlackTeam "SSV Vimaria 91 Weimar"]
[PlyCount "97"]
[WhiteFideId "34627103"]
[BlackFideId "16297970"]
[EventCountry "GER"]
[EventRounds "7"]
[EventType "team-swiss"]
[EventDate "2022.12.26"]

1. d4 {[%clk 1:30:57]} d5 {[%clk 1:30:55]} 2. Nc3 {[%clk 1:31:21]} e6 {[%clk
1:31:19]} 3. e3 {[%clk 1:31:30]} f5 {[%clk 1:31:42]} 4. Nf3 {[%clk 1:31:43]}
Nf6 {[%clk 1:32:08]} 5. Be2 {[%clk 1:31:47]} Bd6 {[%clk 1:32:28]} 6. h3 {[%clk
1:31:58]} c6 {[%clk 1:32:41]} 7. O-O {[%clk 1:32:01]} O-O {[%clk 1:33:08]} 8.
Ne5 {[%clk 1:31:26]} Nbd7 {[%clk 1:33:20]} 9. f4 {[%clk 1:31:20]} Qc7 {[%clk
1:33:11]} 10. Bf3 {[%clk 1:30:36]} b6 {[%clk 1:33:16]} 11. a3 {[%clk 1:30:18]}
Ba6 {[%clk 1:33:24]} 12. Be2 {[%clk 1:30:36]} Bxe2 {[%clk 1:33:35]} 13. Qxe2
{[%clk 1:30:55]} Ne4 {[%clk 1:33:49]} 14. Nxe4 {[%clk 1:31:04]} fxe4 {[%clk
1:34:02]} 15. Bd2 {[%clk 1:30:30]} c5 {[%clk 1:30:49]} 16. Qb5 {[%clk 1:28:34]}
Nxe5 {[%clk 1:30:01]} 17. fxe5 {[%clk 1:27:11]} Be7 {[%clk 1:30:11]} 18. c3
{[%clk 1:25:50]} Bg5 {[%clk 1:26:55]} 19. Qe2 {[%clk 1:25:29]} Rf7 {[%clk
1:22:15]} 20. Rxf7 {[%clk 1:22:59]} Qxf7 {[%clk 1:22:34]} 21. Rf1 {[%clk
1:22:32]} Qe7 {[%clk 1:22:56]} 22. Be1 {[%clk 1:21:56]} cxd4 {[%clk 1:22:21]}
23. cxd4 {[%clk 1:20:47]} Rc8 {[%clk 1:22:47]} 24. Bb4 {[%clk 1:17:29]} Qd7
{[%clk 1:22:42]} 25. Qf2 {[%clk 1:17:18]} Be7 {[%clk 1:22:54]} 26. Qf7 {[%clk
1:17:31]} Kh8 {[%clk 1:22:55]} 27. Qxe7 {[%clk 1:17:50]} Qxe7 {[%clk 1:22:50]}
28. Bxe7 {[%clk 1:18:12]} Kg8 {[%clk 1:22:30]} 29. Bb4 {[%clk 1:18:18]} h6
{[%clk 1:22:29]} 30. Bc3 {[%clk 1:18:37]} a5 {[%clk 1:17:22]} 31. Rc1 {[%clk
1:18:55]} Kf7 {[%clk 1:17:06]} 32. Bd2 {[%clk 1:19:10]} Rb8 {[%clk 1:16:49]}
33. Rc7 {[%clk 1:19:15]} Kf8 {[%clk 1:16:38]} 34. Be1 {[%clk 1:19:30]} a4
{[%clk 1:15:28]} 35. Bb4 {[%clk 1:19:45]} Kg8 {[%clk 1:15:00]} 36. Re7 {[%clk
1:19:43]} Rc8 {[%clk 1:14:54]} 37. Bc3 {[%clk 1:19:33]} Rc6 {[%clk 1:15:04]}
38. Ra7 {[%clk 1:19:53]} Rc4 {[%clk 1:15:17]} 39. Ra6 {[%clk 1:20:06]} Kf7
{[%clk 1:13:20]} 40. Rxb6 {[%clk 1:20:25]} Rc7 {[%clk 1:12:59]} 41. Ra6 {[%clk
1:20:23]} Rc4 {[%clk 1:13:22]} 42. Kf2 {[%clk 1:20:39]} g5 {[%clk 1:10:53]} 43.
Ra7 {[%clk 1:20:54]} Kg6 {[%clk 1:02:31]} 44. Re7 {[%clk 1:21:01]} Kf5 {[%clk
1:02:06]} 45. g4 {[%clk 1:21:16]} Kg6 {[%clk 1:02:31]} 46. Rxe6 {[%clk
1:21:38]} Kg7 {[%clk 1:02:57]} 47. Rd6 {[%clk 1:21:56]} Rc7 {[%clk 1:02:26]}
48. Rxd5 {[%clk 1:22:15]} Rf7 {[%clk 1:02:50]} 49. Kg2 {[%clk 1:22:30]} 1-0

[Event "DVM U16 2022"]
[Site "Darmstadt GER"]
[Date "2022.12.29"]
[Round "5"]
[White "Bilovil, Bogdan"]
[Black "Elstner, Florian"]
[Result "1-0"]
[Termination "normal"]
[Board "9.1"]
[WhiteTitle "FM"]
[WhiteElo "2373"]
[BlackElo "1736"]
[WhiteClock "00:50:59"]
[BlackClock "00:09:56"]
[WhiteTeam "Rhedaer Schachverein von 1931 e. V."]
[BlackTeam "Schachklub König Plauen"]
[PlyCount "67"]
[WhiteFideId "14168766"]
[BlackFideId "16247264"]
[EventCountry "GER"]
[EventRounds "7"]
[EventType "team-swiss"]
[EventDate "2022.12.26"]

1. Nf3 {[%clk 1:30:57]} Nf6 {[%clk 1:30:54]} 2. c4 {[%clk 1:31:07]} c5 {[%clk
1:30:16]} 3. b3 {[%clk 1:31:20]} e6 {[%clk 1:30:01]} 4. Bb2 {[%clk 1:31:38]} d5
{[%clk 1:29:44]} 5. e3 {[%clk 1:28:14]} Nc6 {[%clk 1:27:22]} 6. cxd5 {[%clk
1:27:39]} exd5 {[%clk 1:26:26]} 7. Be2 {[%clk 1:27:17]} Be7 {[%clk 1:26:22]} 8.
O-O {[%clk 1:27:28]} O-O {[%clk 1:26:43]} 9. d4 {[%clk 1:27:56]} b6 {[%clk
1:25:03]} 10. Nc3 {[%clk 1:27:57]} Bb7 {[%clk 1:23:34]} 11. Rc1 {[%clk
1:27:49]} Rc8 {[%clk 1:21:39]} 12. dxc5 {[%clk 1:25:02]} bxc5 {[%clk 1:19:11]}
13. Na4 {[%clk 1:24:13]} Ne4 {[%clk 1:07:44]} 14. Nd2 {[%clk 1:24:25]} Qa5
{[%clk 1:05:01]} 15. Nxe4 {[%clk 1:21:08]} dxe4 {[%clk 1:05:01]} 16. Bc4 {[%clk
1:21:25]} Qc7 {[%clk 0:47:10]} 17. Bd5 {[%clk 1:16:44]} Nb4 {[%clk 0:43:03]}
18. Qg4 {[%clk 1:15:43]} g6 {[%clk 0:41:11]} 19. Bc4 {[%clk 1:03:40]} Rfd8
{[%clk 0:33:44]} 20. h4 {[%clk 0:58:05]} Nd3 {[%clk 0:26:27]} 21. h5 {[%clk
0:58:17]} Nxb2 {[%clk 0:23:17]} 22. Nxb2 {[%clk 0:58:21]} Qd7 {[%clk 0:22:53]}
23. Qf4 {[%clk 0:50:55]} Bd6 {[%clk 0:17:11]} 24. Qf6 {[%clk 0:51:17]} Qe7
{[%clk 0:17:30]} 25. Qxe7 {[%clk 0:51:41]} Bxe7 {[%clk 0:17:55]} 26. hxg6
{[%clk 0:52:02]} hxg6 {[%clk 0:18:15]} 27. Rc2 {[%clk 0:52:27]} Rd7 {[%clk
0:14:56]} 28. Bb5 {[%clk 0:50:00]} Rd5 {[%clk 0:14:57]} 29. Rfc1 {[%clk
0:49:47]} Rcd8 {[%clk 0:13:29]} 30. Kf1 {[%clk 0:49:54]} Bf6 {[%clk 0:12:04]}
31. Na4 {[%clk 0:50:05]} Rd1 {[%clk 0:09:46]} 32. Rxd1 {[%clk 0:50:18]} Rxd1
{[%clk 0:10:12]} 33. Ke2 {[%clk 0:50:44]} Ra1 {[%clk 0:09:56]} 34. Nxc5 {[%clk
0:50:59]} 1-0

[Event "DVM U16 2022"]
[Site "Darmstadt GER"]
[Date "2022.12.29"]
[Round "5"]
[White "Melestean, Timur"]
[Black "Kolkmann, Tom"]
[Result "1-0"]
[Termination "normal"]
[Board "9.2"]
[WhiteElo "1718"]
[BlackElo "1661"]
[WhiteClock "00:04:49"]
[BlackClock "00:32:22"]
[WhiteTeam "Schachklub König Plauen"]
[BlackTeam "Rhedaer Schachverein von 1931 e. V."]
[PlyCount "113"]
[WhiteFideId "16280385"]
[BlackFideId "34607013"]
[EventCountry "GER"]
[EventRounds "7"]
[EventType "team-swiss"]
[EventDate "2022.12.26"]

1. Nf3 d5 2. g3 Nf6 3. Bg2 Bg4 4. d4 e6 5. c4 c6 6. Ne5 Nbd7 7. Nxg4 Nxg4 8. b3
Bb4 {[%clk 1:27:26]} 9. Kf1 {[%clk 1:14:11]} Qf6 {[%clk 1:27:26]} 10. Bf3
{[%clk 1:14:11]} h5 {[%clk 1:27:26]} 11. h3 {[%clk 1:14:11]} Nh6 {[%clk
1:27:26]} 12. Bb2 {[%clk 1:14:11]} O-O-O {[%clk 1:27:26]} 13. h4 {[%clk
1:14:11]} Ng4 {[%clk 1:27:26]} 14. a3 {[%clk 1:14:11]} Bd6 {[%clk 1:27:26]} 15.
Bxg4 {[%clk 1:14:11]} hxg4 {[%clk 1:27:26]} 16. Kg2 {[%clk 1:14:11]} Rh5 {[%clk
1:14:48]} 17. Nd2 {[%clk 1:08:42]} Qf5 {[%clk 1:14:48]} 18. Qb1 {[%clk
1:08:42]} Qxb1 {[%clk 1:14:48]} 19. Raxb1 {[%clk 1:08:42]} Nf6 {[%clk 1:14:48]}
20. Rbe1 {[%clk 1:08:42]} Rdh8 {[%clk 1:14:48]} 21. e4 {[%clk 1:08:42]} Be7
{[%clk 1:14:48]} 22. exd5 {[%clk 1:00:14]} cxd5 {[%clk 1:03:09]} 23. Re5 Nd7
{[%clk 1:03:32]} 24. Rxh5 {[%clk 1:00:14]} Rxh5 {[%clk 1:03:00]} 25. Re1 {[%clk
0:56:49]} Bf6 {[%clk 0:57:02]} 26. Re2 {[%clk 0:54:03]} Nb6 {[%clk 0:53:41]}
27. Re1 {[%clk 0:52:24]} Kd7 {[%clk 0:53:03]} 28. Rd1 {[%clk 0:52:31]} Nc8
{[%clk 0:52:55]} 29. Nf1 {[%clk 0:52:43]} Ne7 {[%clk 0:47:49]} 30. Ne3 {[%clk
0:52:12]} g5 {[%clk 0:47:49]} 31. Nxg4 {[%clk 0:52:12]} Bg7 {[%clk 0:48:15]}
32. hxg5 {[%clk 0:52:20]} Rxg5 {[%clk 0:46:04]} 33. Ne3 {[%clk 0:51:48]} f5
{[%clk 0:45:14]} 34. Kf3 {[%clk 0:50:08]} Rh5 {[%clk 0:44:49]} 35. a4 {[%clk
0:49:37]} a6 {[%clk 0:44:21]} 36. Ba3 {[%clk 0:47:58]} dxc4 37. Bxe7 {[%clk
0:47:31]} Kxe7 {[%clk 0:44:36]} 38. Nxc4 {[%clk 0:45:25]} Rh8 {[%clk 0:44:23]}
39. Ne3 {[%clk 0:15:24]} Bh6 {[%clk 0:38:20]} 40. Rh1 {[%clk 0:13:39]} Bg7 41.
Rc1 Bxd4 {[%clk 0:36:46]} 42. Rc7 {[%clk 0:13:48]} Kd6 {[%clk 0:37:06]} 43.
Rxb7 {[%clk 0:14:14]} Bxe3 44. Kxe3 {[%clk 0:13:50]} Ra8 {[%clk 0:30:59]} 45.
Rb6 Kd5 46. Kf4 {[%clk 0:11:33]} a5 {[%clk 0:31:02]} 47. Rb5 {[%clk 0:11:47]}
Kd6 {[%clk 0:31:07]} 48. f3 {[%clk 0:06:03]} Ra6 49. g4 {[%clk 0:05:04]} fxg4
{[%clk 0:31:46]} 50. fxg4 {[%clk 0:05:17]} Ke7 {[%clk 0:32:00]} 51. Kg5 {[%clk
0:05:12]} Kf7 52. Rb7 Kg8 {[%clk 0:32:18]} 53. Kf6 {[%clk 0:05:30]} Kh8 {[%clk
0:32:00]} 54. g5 {[%clk 0:04:25]} Kg8 {[%clk 0:32:14]} 55. Rb8 {[%clk 0:04:49]}
Kh7 {[%clk 0:32:22]} 56. g6 {[%clk 0:04:49]} Kh6 {[%clk 0:32:22]} 57. Rh8# 1-0

[Event "DVM U16 2022"]
[Site "Darmstadt GER"]
[Date "2022.12.29"]
[Round "5"]
[White "Schirneck, Ethan"]
[Black "Atze, Reinhard"]
[Result "1-0"]
[Termination "normal"]
[Board "9.3"]
[WhiteElo "1497"]
[BlackElo "1329"]
[WhiteClock "00:23:16"]
[BlackClock "00:20:21"]
[WhiteTeam "Rhedaer Schachverein von 1931 e. V."]
[BlackTeam "Schachklub König Plauen"]
[PlyCount "63"]
[WhiteFideId "34625593"]
[BlackFideId "12995665"]
[EventCountry "GER"]
[EventRounds "7"]
[EventType "team-swiss"]
[EventDate "2022.12.26"]

1. Nf3 {[%clk 1:30:58]} d5 {[%clk 1:30:38]} 2. g3 {[%clk 1:31:18]} Nf6 {[%clk
1:30:21]} 3. Bg2 {[%clk 1:31:36]} e6 {[%clk 1:30:25]} 4. O-O {[%clk 1:31:55]}
c5 {[%clk 1:29:14]} 5. d3 {[%clk 1:32:04]} Nc6 {[%clk 1:27:57]} 6. Re1 {[%clk
1:31:53]} Be7 {[%clk 1:27:40]} 7. Nbd2 {[%clk 1:31:12]} O-O {[%clk 1:26:00]} 8.
e4 {[%clk 1:31:04]} Qc7 {[%clk 1:25:47]} 9. c3 {[%clk 1:22:24]} d4 {[%clk
1:20:23]} 10. Nc4 {[%clk 1:10:30]} e5 {[%clk 1:14:20]} 11. a4 {[%clk 1:07:50]}
h6 {[%clk 1:08:46]} 12. Qc2 {[%clk 1:05:59]} a6 {[%clk 1:01:25]} 13. a5 {[%clk
1:05:46]} Be6 {[%clk 0:57:44]} 14. Nb6 {[%clk 1:05:37]} Rad8 {[%clk 0:56:44]}
15. c4 {[%clk 1:02:33]} Nb4 16. Qb3 {[%clk 0:58:17]} Nd7 {[%clk 0:51:54]} 17.
Nd5 {[%clk 0:57:47]} Nxd5 {[%clk 0:51:56]} 18. exd5 {[%clk 0:58:00]} Bg4 {[%clk
0:48:26]} 19. Nd2 {[%clk 0:55:58]} Rb8 {[%clk 0:44:47]} 20. h3 {[%clk 0:46:08]}
Bf5 {[%clk 0:41:51]} 21. Ne4 {[%clk 0:46:20]} Bh7 {[%clk 0:38:37]} 22. f4
{[%clk 0:42:59]} f6 {[%clk 0:34:48]} 23. Nf2 {[%clk 0:39:13]} Kh8 {[%clk
0:34:07]} 24. Qd1 {[%clk 0:36:48]} Bd6 {[%clk 0:28:56]} 25. Qf3 {[%clk
0:31:51]} Qd8 {[%clk 0:27:04]} 26. Bd2 {[%clk 0:30:03]} Qe7 {[%clk 0:24:32]}
27. Ne4 {[%clk 0:28:33]} Bc7 {[%clk 0:23:33]} 28. f5 {[%clk 0:25:38]} b5 {[%clk
0:19:52]} 29. axb6 {[%clk 0:22:33]} Rxb6 {[%clk 0:20:05]} 30. Ba5 {[%clk
0:22:31]} Rb7 {[%clk 0:19:57]} 31. Bxc7 {[%clk 0:22:53]} Rxc7 {[%clk 0:20:21]}
32. d6 {[%clk 0:23:16]} 1-0